Normal view
MARC view
Entry Término temático
001 - NÚMERO DE CONTROL
- campo de control: 35787
003 - IDENTIFICADOR DEL NÚMERO DE CONTROL
- campo de control: OSt
005 - FECHA Y HORA DE LA ÚLTIMA TRANSACCIÓN
- campo de control: 20200615033511.0
008 - DATOS DE LONGITUD FIJA
- campo de control de longitud fija: 200615|| aca||aabn | a|a d
040 ## - FUENTE DE LA CATALOGACIÓN
- Centro catalogador/agencia de origen: OSt
- Centro/agencia transcriptor: OSt
150 ## - ENCABEZAMIENTO--TÉRMINO DE MATERIA
- Término de materia o nombre geográfico como elemento de entrada: FUNCIÓN PÚBLICA
- Subdivisión general: LEGISLACIÓN
670 ## - FUENTE DE DATOS ENCONTRADOS
- Cita de la fuente: Work cat.: (OSt)15451: Alburquerque de Castro, Rafael Francisco, 1940- 35785, Derecho administrativo laboral y administración del trabajo en la República Dominicana /, [2000?].
